000 00302nam a22001097a 4500
008 230703b xxu||||| |||| 00| 0 eng d
082 _a342
_bCKRC 2002
245 _aThe Constitutional Review Process in Kenya
260 _bConstitution of Kenya Review Commission
_c2002
300 _a22p
942 _2ddc
_cBK
999 _c3491
_d3491